000 00702nam a2200181Ia 4500
008 090122s9999 xx 000 0 und d
082 _b13057
_a891.463
100 _aबांदोडकर
_b
_cपु
245 _aहेरांना ठार मारलेच पाहिजे
260 _bप्रिया प्रकाशन
_c2008
300 _a216
501 _aव्ही के बुक एजन्सी
600 _aबांदोडकर
630 _aहेरांना ठार मारलेच पाहिजे
700 _aबांदोडकर
730 _aहेरांना ठार मारलेच पाहिजे
942 _cBOOK
999 _c37134
_d37134